| 000 -CABECERA |
| Longitud fija campo de control |
00745nam a2200217 a 4500 |
| 001 - NÚMERO DE CONTROL |
| Número de control |
2959 |
| 003 - IDENTIFICADOR DEL NÚMERO DE CONTROL |
| Identificador del número de control |
CDMR |
| 005 - FECHA Y HORA DE LA ÚLTIMA TRANSACCIÓN |
| Fecha y hora de la última transacción |
20151026104202.0 |
| 008 - CÓDIGOS DE INFORMACIÓN DE LONGITUD FIJA |
| Códigos de información de longitud fija |
130130s1985||||||||||||||||||||||||||||d |
| 020 ## - NÚMERO INTERNACIONAL NORMALIZADO PARA LIBROS |
| Número Internacional Normalizado para Libros (ISBN) |
8486153468 |
| 040 ## - FUENTE DE LA CATALOGACIÓN |
| Centro catalogador de origen |
CDMR |
| Lengua de catalogación |
cat |
| Centro transcriptor |
CPC GIRONA |
| 100 1# - PUNTO DE ACCESO PRINCIPAL-NOMBRE DE PERSONA |
| Nombre de persona |
Stevenson, Robert Louis |
| 9 (RLIN) |
1837 |
| 245 14 - MENCIÓN DE TÍTULO |
| Título |
Las noticias internacionales y el nuevo orden en la información mundial |
| Mención de responsabilidad, etc. |
Robert L. Stevenson, Donald Lewis Shaw ; [traducido por: A. Espinet, L. Porta] |
| 260 ## - PUBLICACIÓN, DISTRIBUCIÓN, ETC. (PIE DE IMPRENTA) |
| Fecha de publicación, distribución, etc. |
1985 |
| Nombre del editor, distribuidor, etc. |
Mitre |
| Lugar de publicación, distribución, etc. |
Barcelona |
| 490 0# - MENCIÓN DE SERIE |
| Mención de serie |
Ciencias de la Comunicación (Mitre) |
| 650 04 - PUNTO DE ACCESO ADICIONAL DE MATERIA - TÉRMINO DE MATERIA |
| 9 (RLIN) |
744 |
| Término de materia o nombre geográfico como elemento inicial |
Serveis d'informació |
| 650 04 - PUNTO DE ACCESO ADICIONAL DE MATERIA - TÉRMINO DE MATERIA |
| 9 (RLIN) |
2190 |
| Término de materia o nombre geográfico como elemento inicial |
Comunicació internacional |
| 650 04 - PUNTO DE ACCESO ADICIONAL DE MATERIA - TÉRMINO DE MATERIA |
| 9 (RLIN) |
1890 |
| Término de materia o nombre geográfico como elemento inicial |
Agències de notícies |
| 700 1# - PUNTO DE ACCESO ADICIONAL - NOMBRE DE PERSONA |
| 9 (RLIN) |
2179 |
| Nombre de persona |
Shaw, Donald Lewis |
| 942 ## - ENTRADA DE ELEMENTOS AGREGADOS (KOHA) |
| Koha [por defecto] tipo de item |
Monografies |
| Fuente de clasificaión o esquema |
|